Biggest Hockey Arenas in the World - Statistics

General Stats
  • This quiz has been taken 27 times
  • The average score is 11 of 47
Answer Stats
Rank Capacity City Country Home Team Arena % Correct
2 19,717 Chicago U.S.A. Chicago Blackhawks United Center
73%
1 21,273 Montreal Canada Montreal Canadiens Bell Centre
53%
26 18,006 New York (Manhattan) U.S.A. New York Rangers Madison Square Garden
47%
5 19,289 Calgary Canada Calgary Flames Scotiabank Saddledome
47%
8 19,092 Tampa U.S.A. Tampa Bay Lightning Amalie Arena
40%
4 19,515 Detroit U.S.A. Detroit Red Wings Little Caesars Arena
40%
25 18,007 Denver U.S.A. Colorado Avalanche Pepsi Center
40%
14 18,641 Edmonton Canada Edmonton Oilers Rogers Place
40%
27 17,565 Boston U.S.A. Boston Bruins TD Garden
40%
33 17,174 Anaheim U.S.A. Anaheim Ducks Honda Center
33%
30 17,500 Las Vegas U.S.A. Vegas Golden Knights T-Mobile Arena
33%
16 18,532 Dallas U.S.A. Dallas Stars American Airlines Center
27%
15 18,640 Ottawa Canada Ottawa Senators Canadian Tire Centre
27%
17 18,506 Washington D.C. U.S.A. Washington Capitals Capital One Arena
27%
32 17,360 Prague Czechia HC Sparta Praha O2 Arena
27%
40 16,514 Newark U.S.A. New Jersey Devils Prudential Center
27%
11 18,910 Vancouver Canada Vancouver Canucks Rogers Arena
27%
22 18,230 Los Angeles U.S.A. Los Angeles Kings STAPLES Center
27%
42 15,581 Des Moines U.S.A. Iowa Wild Wells Fargo Arena
27%
3 19,537 Philadelphia U.S.A. Philadelphia Flyers Wells Fargo Center
27%
41 15,813 Brooklyn U.S.A. New York Islanders Barclays Center
20%
6 19,250 Sunrise U.S.A. Florida Panthers BB&T Center
20%
36 17,113 Nashville U.S.A. Nashville Predators Bridgestone Arena
20%
34 17,125 Glendale U.S.A. Arizona Coyotes Gila River Arena
20%
23 18,144 Columbus U.S.A. Columbus Blue Jackets Nationwide Arena
20%
13 18,680 Raliegh U.S.A. Carolina Hurricanes PNC Arena
20%
12 18,800 Toronto Canada Toronto Maple Leafs Scotiabank Arena
20%
24 18,064 St. Paul U.S.A. Minnesota Wild Xcel Energy Center
20%
44 15,294 Winnipeg Canada Winnipeg Jets Bell MTS Place
13%
7 19,150 St. Louis U.S.A. St. Louis Blues Enterprise Center
13%
18 18,500 Cologne Germany Kolner Haie Lanxess Arena
13%
20 18,280 Portland, Oregon U.S.A. Portland Winterhawks Moda Center
13%
38 17,031 Bern Switzerland SC Bern PostFinance-Arena
13%
19 18,387 Pittsburgh U.S.A. Pittsburgh Penguins PPG Paints Arena
13%
28 17,562 San Jose U.S.A San Jose Sharks and Barracuda S.A.P. Center at San Jose
13%
46 15,195 Saskatoon Canada Saskatoon Blades SaskTel Centre
13%
39 16,692 Rosemont U.S.A. Chicago Wolves Allstate Arena
7%
35 17,113 Elmont U.S.A. New York Islanders (Future Home) Belmont Park Arena
7%
37 17,096 Tulsa U.S.A. Tulsa Oilers BOK Center
7%
31 17,383 Hamilton Canada Hamilton Bulldogs FirstOntario Centre
7%
9 19,070 Buffalo U.S.A. Buffalo Sabres KeyBank Center
7%
45 15,237 Madison U.S.A. Wisconsin Badgers (NCAA) Kohl Center
7%
47 15,086 Minsk Belarus Dinamo Minsk Minsk-Arena
7%
10 18,924 Cleveland U.S.A. Cleveland Monsters Quicken Loans Arena
7%
29 17,500 Columbus U.S.A. Ohio State Buckeyes Value City Arena
7%
21 18,259 Quebec City Canada Quebec Remparts Videotron Centre
7%
43 15,564 Hartford U.S.A. Hartford Wolf Pack XL Center
7%
No matching quizzes found
Score Distribution
Percent of People with Each Score
Percentile by Number Answered
Your Score History
You have not taken this quiz